[Event "DVM U14w 2010"]
[Site "Templin OT Groß Dölln GER"]
[Date "2010.12.27"]
[Round "2"]
[White "Nobis, Anna"]
[Black "Graf, Janine"]
[Result "1-0"]
[Termination "normal"]
[Board "6.4"]
[WhiteElo "1397"]
[BlackElo "756"]
[WhiteTeam "Chemnitzer SC Aufbau`95"]
[BlackTeam "SF Heilbronn-Biberach"]
[PlyCount "135"]
[WhiteFideId "1270302"]
[EventCountry "GER"]
[EventRounds "7"]
[EventType "team-swiss"]
[EventDate "2010.12.26"]

1. e4 {[%emt 0:00:00]} e5 2. Nf3 Nc6 3. Bc4 Bc5 4. c3 d6 5. d3 Qe7 6. O-O Be6
7. Bb3 Nf6 8. Bc2 O-O-O 9. d4 exd4 10. cxd4 Bb6 11. d5 Bxd5 12. exd5 Ne5 13.
Nc3 Rhe8 14. Bd2 Ba5 15. Rb1 Bxc3 16. bxc3 Nxd5 17. Bf5+ Nd7 18. Qb3 N5b6 19.
a4 g6 20. Bc2 Nc5 21. Qb4 Ne4 22. Be3 Nc5 23. c4 Nbd7 24. Rfe1 b6 25. Bg5 Qf8
26. Bxd8 Kxd8 27. a5 h5 28. axb6 Nxb6 29. Nd4 Kc8 30. Nc6 a6 31. Na5 Re5 32.
Rxe5 dxe5 33. Nb3 Ncd7 34. Qxf8+ Nxf8 35. c5 Nc4 36. Bd3 Nd6 37. cxd6 cxd6 38.
Bxa6+ Kd7 39. Bb5+ Ke7 40. Kf1 d5 41. Ke2 Ne6 42. g3 f5 43. Rd1 d4 44. Nd2 f4
45. gxf4 Nxf4+ 46. Kf3 Kf6 47. Ne4+ Kf5 48. Ng3+ Kf6 49. h4 g5 50. hxg5+ Kxg5
51. Ne2 Nxe2 52. Bxe2 Kf5 53. Bd3+ Ke6 54. Rh1 Kd5 55. Rxh5 Kd6 56. Ke4 Ke6 57.
Rxe5+ Kd6 58. Kxd4 Kc6 59. Rh5 Kd6 60. Rh6+ Ke7 61. Ke5 Kd7 62. Bf5+ Kc7 63.
Kd5 Kb7 64. Kc5 Ka7 65. Kb5 Kb7 66. Rh7+ Kb8 67. Kb6 Ka8 68. Rh8# 1-0

[Event "DVM U14w 2010"]
[Site "Templin OT Groß Dölln GER"]
[Date "2010.12.27"]
[Round "2"]
[White "Oltmanns, Bianca"]
[Black "Petermann, Tessa"]
[Result "1-0"]
[Termination "normal"]
[Board "7.1"]
[WhiteElo "1645"]
[BlackElo "1313"]
[WhiteTeam "USG Chemnitz"]
[BlackTeam "SV Schott Jena"]
[PlyCount "123"]
[WhiteFideId "24698008"]
[BlackFideId "12929492"]
[EventCountry "GER"]
[EventRounds "7"]
[EventType "team-swiss"]
[EventDate "2010.12.26"]

1. e4 c5 2. Nf3 a6 3. d4 cxd4 4. Nxd4 Nf6 5. Nc3 Qc7 6. Be3 e6 7. a3 b5 8. f3
Bb7 9. Be2 Nc6 10. O-O Na5 11. Bf2 Bd6 12. h3 Bh2+ 13. Kh1 Nh5 14. Qe1 Bg3 15.
Bd3 Bxf2 16. Rxf2 O-O 17. Rb1 Rac8 18. Nde2 Nc4 19. Bxc4 Qxc4 20. Qd2 Rfd8 21.
Rff1 a5 22. Rfc1 d5 23. e5 Ba6 24. g4 b4 25. axb4 axb4 26. gxh5 bxc3 27. Nxc3
Qh4 28. Qg2 Qxh5 29. f4 d4 30. Nd1 Be2 31. Qg1 Qxh3+ 32. Qh2 Qf1+ 33. Qg1 Qxf4
34. Kg2 Bf3+ 35. Kh3 Qh6+ 36. Kg3 Qg5+ 37. Kf2 Qxg1+ 38. Kxg1 Bxd1 39. Rxd1
Rxc2 40. b4 d3 41. b5 d2 42. Kf2 Kf8 43. b6 Rb8 44. Ke2 Rc1 45. Kxd2 Rxd1+ 46.
Kxd1 Rb7 47. Kd2 Ke8 48. Kd3 Kd7 49. Kd4 Kc6 50. Rh1 h6 51. Rg1 g6 52. Rh1 h5
53. Rf1 Kxb6 54. Ke4 Kc6 55. Kf4 Kd7 56. Kg5 Ke7 57. Rf4 Rb5 58. Re4 Rb1 59.
Re3 Rg1+ 60. Kh4 Rg4+ 61. Kh3 h4 62. Kxg4 1-0

[Event "DVM U14w 2010"]
[Site "Templin OT Groß Dölln GER"]
[Date "2010.12.27"]
[Round "2"]
[White "Monossova, Maria"]
[Black "Münzner, Rebecca"]
[Result "1-0"]
[Termination "normal"]
[Board "7.2"]
[WhiteElo "1367"]
[BlackElo "1187"]
[WhiteTeam "SV Schott Jena"]
[BlackTeam "USG Chemnitz"]
[PlyCount "65"]
[WhiteFideId "12929506"]
[BlackFideId "12929352"]
[EventCountry "GER"]
[EventRounds "7"]
[EventType "team-swiss"]
[EventDate "2010.12.26"]

1. d4 {[%emt 0:00:00]} d5 2. Nf3 Nf6 3. e3 c6 4. Bd3 e6 5. Nbd2 Bd6 6. O-O O-O
7. Re1 Nbd7 8. e4 dxe4 9. Nxe4 Nxe4 10. Rxe4 Nf6 11. Rh4 g6 12. Bh6 Re8 13. Ne5
Nd7 14. Nf3 e5 15. Qd2 exd4 16. Rxd4 Bf8 17. Bc4 Qc7 18. Bxf8 Rxf8 19. Rd1 Ne5
20. Nxe5 Qxe5 21. f4 Qc7 22. Rd8 Rxd8 23. Qxd8+ Qxd8 24. Rxd8+ Kg7 25. Kf2 b5
26. Bb3 Bb7 27. Rd7 Rb8 28. Rxf7+ Kh6 29. g4 c5 30. c3 a5 31. g5+ Kh5 32. Bd1+
Kh4 33. Rxh7# 1-0

[Event "DVM U14w 2010"]
[Site "Templin OT Groß Dölln GER"]
[Date "2010.12.27"]
[Round "2"]
[White "Kluge, Leyla"]
[Black "Glöckner, Helene"]
[Result "1-0"]
[Termination "normal"]
[Board "7.3"]
[WhiteElo "1249"]
[BlackElo "1106"]
[WhiteTeam "USG Chemnitz"]
[BlackTeam "SV Schott Jena"]
[PlyCount "101"]
[WhiteFideId "12918172"]
[EventCountry "GER"]
[EventRounds "7"]
[EventType "team-swiss"]
[EventDate "2010.12.26"]

1. c4 {[%emt 0:00:00]} c5 2. Nc3 Nc6 3. g3 g6 4. Bg2 Bg7 5. Nf3 b6 6. d3 Bb7 7.
O-O e6 8. Nb5 d6 9. d4 Nge7 10. dxc5 O-O 11. cxd6 Nf5 12. Bg5 Qd7 13. Rb1 h6
14. Bf4 Rad8 15. e4 e5 16. exf5 exf4 17. fxg6 fxg3 18. gxf7+ Qxf7 19. fxg3 Qxc4
20. Qb3 Qxb3 21. axb3 a6 22. Nc3 Rxd6 23. Rbd1 Nd4 24. Nxd4 Bxg2 25. Rxf8+ Kxf8
26. Kxg2 Bxd4 27. Ne2 Be5 28. Rxd6 Bxd6 29. Nc3 b5 30. Kf3 b4 31. Nd5 a5 32.
Ke4 Kf7 33. Kf5 Bc5 34. Ke5 Bf8 35. Ne3 Bg7+ 36. Kd5 Bxb2 37. Nc4 a4 38. bxa4
Bc3 39. a5 b3 40. a6 b2 41. Nxb2 Bxb2 42. a7 Bf6 43. a8=Q Kg6 44. Qa6 Kg5 45.
h4+ Kf5 46. g4+ Kg6 47. Qe6 Kg7 48. h5 Bg5 49. Qg6+ Kh8 50. Ke6 Bf6 51. Kf7 1-0

[Event "DVM U14w 2010"]
[Site "Templin OT Groß Dölln GER"]
[Date "2010.12.27"]
[Round "2"]
[White "Dietzel, Maren"]
[Black "Jentzsch, Juliane"]
[Result "0-1"]
[Termination "normal"]
[Board "7.4"]
[WhiteElo "893"]
[BlackElo "1091"]
[WhiteTeam "SV Schott Jena"]
[BlackTeam "USG Chemnitz"]
[PlyCount "104"]
[EventCountry "GER"]
[EventRounds "7"]
[EventType "team-swiss"]
[EventDate "2010.12.26"]

1. e4 c5 2. d4 cxd4 3. c3 dxc3 4. Nxc3 Nc6 5. Nf3 g6 6. Bd3 Bg7 7. Qc2 d6 8.
O-O Nf6 9. a3 O-O 10. h3 Be6 11. b4 a6 12. Rb1 b5 13. Be3 Re8 14. Ng5 Qd7 15.
Qd2 Rab8 16. Bc2 Rec8 17. Bb3 Bxb3 18. Rxb3 a5 19. bxa5 Nxa5 20. Rbb1 Nc4 21.
Qc1 d5 22. Rd1 e6 23. Bf4 Rb7 24. a4 bxa4 25. Rxb7 Qxb7 26. Nxa4 Nxe4 27. Nxe4
dxe4 28. Nc3 Nb6 29. Bd2 Nd5 30. Qb1 Qxb1 31. Nxb1 Nc3 32. Re1 Nxb1 33. Rxb1 h5
34. g3 Bc3 35. Bxc3 Rxc3 36. Re1 f5 37. h4 Kf7 38. Kg2 Kf6 39. Kh3 g5 40. Re3
Rxe3 41. fxe3 e5 42. Kg2 f4 43. gxf4 exf4 44. exf4 gxf4 45. Kf2 e3+ 46. Ke2 Kf5
47. Kf3 Ke5 48. Ke2 Ke4 49. Ke1 f3 50. Kf1 e2+ 51. Kf2 Kd3 52. Ke1 Kc2 0-1

[Event "DVM U14w 2010"]
[Site "Templin OT Groß Dölln GER"]
[Date "2010.12.27"]
[Round "2"]
[White "Braun, Kristin"]
[Black "Cozma, Diana"]
[Result "0-1"]
[Termination "normal"]
[Board "8.1"]
[WhiteElo "1447"]
[BlackElo "1258"]
[WhiteTeam "SC Uttenreuth"]
[BlackTeam "SV Muldental Wilkau-Haßlau"]
[PlyCount "66"]
[WhiteFideId "24656534"]
[BlackFideId "12929387"]
[EventCountry "GER"]
[EventRounds "7"]
[EventType "team-swiss"]
[EventDate "2010.12.26"]

1. e4 e5 2. Nf3 Nc6 3. Bc4 Nf6 4. Nc3 Be7 5. O-O O-O 6. b3 d6 7. Bb2 Be6 8. Bd5
Nb4 9. Bxe6 fxe6 10. a3 Nc6 11. Re1 Nh5 12. d3 Bh4 13. g3 Bg5 14. Kg2 Qf6 15.
Rf1 Bh6 16. Qe2 Qg6 17. Kh1 Qg4 18. Nh4 Qg5 19. Bc1 Nd4 20. Qd1 Nf4 21. Nf3 Qh5
22. Bxf4 Nxf3 23. Kg2 Bxf4 24. gxf4 Qg4+ 25. Kh1 Qh3 26. Qxf3 Qxf3+ 27. Kg1
Rxf4 28. Ne2 Qxe2 29. h3 Raf8 30. c4 Rxf2 31. Rxf2 Rxf2 32. b4 Qf3 33. a4 Qg2#
0-1

[Event "DVM U14w 2010"]
[Site "Templin OT Groß Dölln GER"]
[Date "2010.12.27"]
[Round "2"]
[White "Simon, Tessa"]
[Black "Michalowski, Melina"]
[Result "0-1"]
[Termination "normal"]
[Board "8.2"]
[WhiteElo "1241"]
[BlackElo "1109"]
[WhiteTeam "SV Muldental Wilkau-Haßlau"]
[BlackTeam "SC Uttenreuth"]
[PlyCount "136"]
[WhiteFideId "12929395"]
[BlackFideId "12902462"]
[EventCountry "GER"]
[EventRounds "7"]
[EventType "team-swiss"]
[EventDate "2010.12.26"]

1. e4 c6 2. d4 d5 3. e5 Bf5 4. Nf3 e6 5. Nc3 Bb4 6. Bd2 Nd7 7. a3 Ba5 8. Be2
Ne7 9. O-O O-O 10. Re1 Rc8 11. b4 Bb6 12. Be3 a6 13. Bf1 Ba7 14. g3 b6 15. Bxa6
Rb8 16. Bf1 c5 17. Nb5 Ra8 18. Nxa7 Rxa7 19. bxc5 bxc5 20. dxc5 Nc6 21. Bf4
Nxc5 22. Be3 Ra5 23. Bd2 Ra8 24. Bb5 Qc7 25. Bxc6 Qxc6 26. Nd4 Qc7 27. Nxf5
exf5 28. Bb4 Rfd8 29. Qd4 Ne4 30. a4 Qxc2 31. a5 Qc4 32. Qxc4 dxc4 33. a6 Rdc8
34. f3 Nc5 35. a7 Nd7 36. e6 fxe6 37. Rxe6 c3 38. Re2 Rc7 39. Re8+ Rxe8 40.
a8=Q Rxa8 41. Rxa8+ Kf7 42. Ra1 Ne5 43. Kg2 c2 44. Bd2 Nd3 45. Bc1 Nxc1 46.
Rxc1 Ke6 47. Kf2 Ke5 48. Ke2 g5 49. h3 h5 50. g4 fxg4 51. fxg4 hxg4 52. hxg4
Kf4 53. Kf2 Kxg4 54. Kg2 Rc3 55. Kf2 Kh3 56. Rh1+ Kg4 57. Rc1 Kf4 58. Kg2 g4
59. Rf1+ Ke3 60. Rc1 Kd2 61. Rf1 c1=Q 62. Rxc1 Rxc1 63. Kg3 Rc5 64. Kxg4 Ke3
65. Kg3 Rg5+ 66. Kh2 Kf3 67. Kh1 Kf2 68. Kh2 Rh5# 0-1

[Event "DVM U14w 2010"]
[Site "Templin OT Groß Dölln GER"]
[Date "2010.12.27"]
[Round "2"]
[White "Michalowski, Sophia"]
[Black "Fromm, Katja"]
[Result "0-1"]
[Termination "normal"]
[Board "8.3"]
[WhiteElo "997"]
[BlackElo "1251"]
[WhiteTeam "SC Uttenreuth"]
[BlackTeam "SV Muldental Wilkau-Haßlau"]
[PlyCount "68"]
[WhiteFideId "12902454"]
[BlackFideId "12929409"]
[EventCountry "GER"]
[EventRounds "7"]
[EventType "team-swiss"]
[EventDate "2010.12.26"]

1. d4 {[%emt 0:00:00]} e6 2. e4 Nf6 3. Nc3 Nc6 4. Nf3 b6 5. Bb5 Bb4 6. a3 Bxc3+
7. bxc3 Nxe4 8. Qd3 Nf6 9. O-O Bb7 10. c4 O-O 11. Ne5 Nxe5 12. dxe5 Ng4 13. Qg3
h5 14. Re1 d6 15. Bb2 dxe5 16. Bxe5 Nxe5 17. Rxe5 Qf6 18. Rae1 g6 19. Rxh5 Rad8
20. Ba4 Be4 21. c3 Bf5 22. Rf1 Rd3 23. Qg5 Qg7 24. Rh4 Rxc3 25. Ra1 Rxa3 26.
Rf1 Rxa4 27. Qe7 Ra1 28. Qxc7 Bd3 29. h3 Rxf1+ 30. Kh2 Qb2 31. Qf4 Rxf2 32. Qh6
Rxg2+ 33. Kh1 Rh2+ 34. Kg1 Qg2# 0-1

[Event "DVM U14w 2010"]
[Site "Templin OT Groß Dölln GER"]
[Date "2010.12.27"]
[Round "2"]
[White "Wulf, Constanze"]
[Black "Höschen, Franziska"]
[Result "1-0"]
[Termination "normal"]
[Board "9.1"]
[WhiteElo "1238"]
[BlackElo "1306"]
[WhiteTeam "SAV Torgelow"]
[BlackTeam "SF Paderborn 2000"]
[PlyCount "93"]
[WhiteFideId "24692379"]
[EventCountry "GER"]
[EventRounds "7"]
[EventType "team-swiss"]
[EventDate "2010.12.26"]

1. d4 f5 2. Bf4 g6 3. Nf3 Bg7 4. e3 Nf6 5. Bc4 e6 6. Nbd2 O-O 7. c3 Nc6 8. Be2
d6 9. Nc4 Nd7 10. d5 exd5 11. Qxd5+ Kh8 12. Qd1 Nde5 13. Ncxe5 Nxe5 14. O-O Be6
15. Bxe5 dxe5 16. Qc2 Qe7 17. Rfd1 Rad8 18. Rxd8 Rxd8 19. Rd1 Rd6 20. Nd2 Qd7
21. e4 Qc6 22. exf5 Bxf5 23. Qb3 Be6 24. Qc2 Bd5 25. Bf3 e4 26. Be2 e3 27. Nf3
exf2+ 28. Kxf2 Qc5+ 29. Kf1 Bh6 30. Nd4 Rf6+ 31. Kg1 Be3+ 32. Kh1 Bxg2+ 33.
Kxg2 Qg5+ 34. Kh1 Rf2 35. Rg1 Rxh2+ 36. Kxh2 Qxg1+ 37. Kh3 Bf4 38. Qd3 Qh2+ 39.
Kg4 h5+ 40. Kf3 Bd6 41. Qxg6 Qf4+ 42. Kg2 Qh2+ 43. Kf1 Bg3 44. Qf6+ Kg8 45.
Bc4+ Kh7 46. Qf7+ Kh8 47. Qg8# 1-0

[Event "DVM U14w 2010"]
[Site "Templin OT Groß Dölln GER"]
[Date "2010.12.27"]
[Round "2"]
[White "Bürger, Jessica"]
[Black "Schünemann, Anne"]
[Result "1-0"]
[Termination "normal"]
[Board "9.2"]
[WhiteElo "1318"]
[BlackElo "1068"]
[WhiteTeam "SF Paderborn 2000"]
[BlackTeam "SAV Torgelow"]
[PlyCount "87"]
[WhiteFideId "12917974"]
[EventCountry "GER"]
[EventRounds "7"]
[EventType "team-swiss"]
[EventDate "2010.12.26"]

1. e4 c5 2. Nf3 Nc6 3. d4 cxd4 4. Nxd4 g6 5. Nc3 Bg7 6. Be3 Nf6 7. Bc4 O-O 8.
O-O Qb6 9. Rb1 Ng4 10. Qxg4 d5 11. Nxc6 Bxg4 12. Bxb6 axb6 13. Nxe7+ Kh8 14.
Nexd5 Rad8 15. Nxb6 Rd6 16. Nbd5 Be6 17. a4 Ra8 18. Ra1 Rc6 19. Bb5 Rc5 20.
Rfd1 f5 21. exf5 Bxf5 22. Rd2 Bh6 23. Re2 Bg7 24. Rae1 Bf8 25. Re8 Rxe8 26.
Rxe8 Kg7 27. b4 Rc8 28. Rxc8 Bxc8 29. a5 Kf7 30. Bc4 Ke8 31. b5 Bc5 32. b6 Kd7
33. Bb5+ Kd6 34. Kf1 Bd4 35. Ke2 Bxc3 36. Nxc3 Kc5 37. Ne4+ Kd5 38. Kd3 Ke5 39.
c4 Bf5 40. g3 Bc8 41. c5 Kd5 42. c6 bxc6 43. a6 cxb5 44. b7 1-0

[Event "DVM U14w 2010"]
[Site "Templin OT Groß Dölln GER"]
[Date "2010.12.27"]
[Round "2"]
[White "Schrötter, Luisa"]
[Black "Schrödter, Lisa"]
[Result "1-0"]
[Termination "normal"]
[Board "9.3"]
[WhiteElo "1132"]
[BlackElo "1132"]
[WhiteTeam "SAV Torgelow"]
[BlackTeam "SF Paderborn 2000"]
[PlyCount "55"]
[EventCountry "GER"]
[EventRounds "7"]
[EventType "team-swiss"]
[EventDate "2010.12.26"]

1. e4 e5 2. Nf3 Nc6 3. Bc4 Bc5 4. d3 Nf6 5. Nc3 d6 6. Bg5 h6 7. Bh4 Bg4 8. Nd5
g5 9. Bg3 Qd7 10. Nxf6+ Ke7 11. Nxd7 Kxd7 12. h3 Bh5 13. c3 Rad8 14. Bb5 b6 15.
Bxc6+ Kxc6 16. d4 exd4 17. cxd4 Bb4+ 18. Kf1 Kb7 19. a3 Ba5 20. b4 Bxb4 21.
axb4 Rhe8 22. Qe2 Bg6 23. e5 f5 24. e6 f4 25. d5 fxg3 26. Qa6+ Kb8 27. Qxa7+
Kc8 28. Qa8# 1-0

[Event "DVM U14w 2010"]
[Site "Templin OT Groß Dölln GER"]
[Date "2010.12.27"]
[Round "2"]
[White "Thölke, Nina"]
[Black "Rais, Vanessa"]
[Result "0-1"]
[Termination "normal"]
[Board "9.4"]
[WhiteElo "1054"]
[BlackElo "881"]
[WhiteTeam "SF Paderborn 2000"]
[BlackTeam "SAV Torgelow"]
[PlyCount "62"]
[EventCountry "GER"]
[EventRounds "7"]
[EventType "team-swiss"]
[EventDate "2010.12.26"]

1. e4 e6 2. Nf3 d5 3. Nc3 dxe4 4. Nxe4 Bd7 5. Bc4 Bc6 6. d3 Bxe4 7. dxe4 Qxd1+
8. Kxd1 Nc6 9. Bf4 O-O-O+ 10. Kc1 Bc5 11. Bg5 Nf6 12. e5 h6 13. exf6 hxg5 14.
Nxg5 Rhg8 15. Nxf7 Rde8 16. Nh6 Rh8 17. f7 Re7 18. Rd1 gxh6 19. f8=Q+ Rxf8 20.
Re1 e5 21. b3 Bxf2 22. Rf1 Be3+ 23. Kb2 Rd8 24. Rae1 Bd4+ 25. c3 Bc5 26. g4
Rd2+ 27. Kc1 Rxa2 28. Rf8+ Nd8 29. Rd1 Rd7 30. Rg8 Ba3+ 31. Kb1 Rxd1+ 0-1